Vybrané kapitoly z didaktiky matematiky 2 : (pro studium učitelství pro 1. stupeň ZŠ) /

Hlavní autor: Novák, Bohumil, 1949-
Korporativní autor: Univerzita Palackého. Pedagogická fakulta
Jazyk: Čeština
Vydáno: Olomouc : Univerzita Palackého, 2005
Vydání: 2. vyd.
Edice: Texty k distančnímu vzdělávání v rámci kombinovaného studia
Témata:
Externí odkaz: Digitalizovaný dokument
Fyzický popis: 66 s. ; 30 cm
Knihy
Uloženo v:
LEADER 01831nam a2200457 a 4500
001 nkc20051583116
003 CZ PrNK
005 20051219104418.0
007 ta
008 050922s2005 xr e p 000 0 cze
015 |a cnb001583116 
020 |a 80-244-1068-0  |q (brož.) 
035 |a (OCoLC)85140988 
040 |a OLA001  |b cze  |d ABA001 
072 7 |a 51  |x Matematika  |2 Konspekt  |9 13 
072 7 |a 37.016  |x Učební osnovy. Vyučovací předměty. Učebnice  |2 Konspekt  |9 22 
080 |a 51  |2 MRF 
080 |a 37.016.026  |2 MRF 
080 |a (075.8)  |2 MRF 
100 1 |a Novák, Bohumil,  |d 1949-  |7 jn20001227756  |4 aut 
245 1 0 |a Vybrané kapitoly z didaktiky matematiky 2 :  |b (pro studium učitelství pro 1. stupeň ZŠ) /  |c Bohumil Novák 
250 |a 2. vyd. 
260 |a Olomouc :  |b Univerzita Palackého,  |c 2005 
300 |a 66 s. ;  |c 30 cm 
490 1 |a Texty k distančnímu vzdělávání v rámci kombinovaného studia 
500 |a Nad názvem: Univerzita Palackého v Olomouci, Pedagogická fakulta 
504 |a Obsahuje bibliografii 
650 0 7 |a matematika  |7 ph117231  |2 czenas 
650 0 7 |a předmětová didaktika  |7 ph162893  |2 czenas 
650 0 9 |a mathematics  |2 eczenas 
650 0 9 |a teaching school subjects  |2 eczenas 
655 7 |a učebnice vysokých škol  |7 fd133772  |2 czenas 
655 9 |a textbooks (higher)  |2 eczenas 
710 2 |a Univerzita Palackého.  |b Pedagogická fakulta  |7 kn20010709375 
830 0 |a Texty k distančnímu vzdělávání v rámci kombinovaného studia  |0 s 
856 4 1 |u http://www.digitalniknihovna.cz/mzk/uuid/uuid:be108650-eec9-11e6-8906-005056827e52  |y Digitalizovaný dokument  |x NDK 
910 2 |a BOA001  |b 3-1160.830 
990 |a BK 
995 |a 01 
991 |b 200512  |c NOV 
996 6 |b 2610266526  |c 3-1160.830  |l MZK  |r Sklad / do 1 hodiny  |n 7  |p p.v.  |w 000799777  |u 000010  |a 1  |e BOA001  |j MZK50  |s P